| 000 | 00513cam a22002171 4500 | ||
|---|---|---|---|
| 001 | sa 67006074 | ||
| 003 | DLC | ||
| 005 | 20260227112403.0 | ||
| 008 | 940602s1964 pk 000 1 urdo | ||
| 010 | _asa 67006074 | ||
| 025 | _aPL480:P-U-1104 | ||
| 035 | _a(OCoLC)30538276 | ||
| 040 |
_aDLC _cCU _dCU _dDLC |
||
| 042 | _apremarc | ||
| 050 | 0 | 0 |
_aPK2200.N6 _bS9 |
| 100 | 0 |
_aNoor-us-Sabah, _cBegum. |
|
| 245 | 1 | 0 | _aSubḥ-yi g̲h̲azal. |
| 260 | _c[1964] | ||
| 300 |
_a112 p. _c19 cm. |
||
| 500 | _aIn Urdu. | ||
| 999 |
_c75662 _d75662 |
||